Nearly there (Record no. 67341)

MARC details
000 -LEADER
fixed length control field 01282cam a2200229 4500
001 - CONTROL NUMBER
control field ABS64102
008 - FIXED-LENGTH DATA ELEMENTS--GENERAL INFORMATION
fixed length control field 000000n2001 000 0 eng u
035 ## - SYSTEM CONTROL NUMBER
System control number (Sirsi) u113118
100 ## - MAIN ENTRY--PERSONAL NAME
Personal name McConnell, T.
245 ## - TITLE STATEMENT
Title Nearly there
260 ## - PUBLICATION, DISTRIBUTION, ETC.
Date of publication, distribution, etc. 2001
490 ## - SERIES STATEMENT
Series statement Construction Manager
Volume/sequential designation June 2001, 26-27(2)
520 ## - SUMMARY, ETC.
Summary, etc. Looks at virtual companies, which are set up under a contract signed by the client and individuals seconded from partner companies for the duration of a single construction project allowing members of the project team to focus on the best interests of the project rather than those of the different employers. Although the initiative aims to break down the traditional animosity between consultants, contractors and suppliers by removing the hierarchy there are a number of potential difficulties including the increased costs associated with early involvement of the partners, the fact that all partners share in the total risk of the project and in maintaining relationships.
590 ## - LOCAL NOTE (RLIN)
Local note ABS
650 ## - SUBJECT ADDED ENTRY--TOPICAL TERM
Topical term or geographic name entry element BUILT ENVIRONMENT-BUILDING CONTRACT FORMS
650 ## - SUBJECT ADDED ENTRY--TOPICAL TERM
Topical term or geographic name entry element BUILT ENVIRONMENT-BUILDING CONTRACT FORMS
650 ## - SUBJECT ADDED ENTRY--TOPICAL TERM
Topical term or geographic name entry element MOVEMENT FOR INNOVATION
650 ## - SUBJECT ADDED ENTRY--TOPICAL TERM
Topical term or geographic name entry element PARTNERING
650 ## - SUBJECT ADDED ENTRY--TOPICAL TERM
Topical term or geographic name entry element VIRTUAL COMPANIES
690 ## - LOCAL SUBJECT ADDED ENTRY--TOPICAL TERM (OCLC, RLIN)
Topical term or geographic name as entry element Procurement
9 (RLIN) 6260
942 ## - ADDED ENTRY ELEMENTS (KOHA)
Suppress in OPAC 0
Holdings
Withdrawn status Lost status Source of classification or shelving scheme Damaged status Not for loan Home library Current library Shelving location Date acquired Total Checkouts Full call number Barcode Date last seen Copy number Price effective from Koha item type
    Dewey Decimal Classification     London London Journal article 18/06/2001   ABS64102 113118-1001 06/08/2019 1 06/08/2019 Journal article